UBT Library

Daylighting performance and design / (Record no. 854)

000 -LEADER
fixed length control field 00450nam a22001577a 4500
008 - FIXED-LENGTH DATA ELEMENTS--GENERAL INFORMATION
fixed length control field 150520b xxu||||| |||| 00| 0 eng d
020 ## - INTERNATIONAL STANDARD BOOK NUMBER
International Standard Book Number 0442019211
080 ## - UNIVERSAL DECIMAL CLASSIFICATION NUMBER
Universal Decimal Classification number 628.92
100 ## - Rafti
Rafti Ander, Gregg D.
245 00 - TITLE STATEMENT
Title Daylighting performance and design /
260 ## -
-- New York :
-- Van Nostrand Reinhold,
-- c1995.
300 ## -
-- 241 f. :
-- me il. ;
-- 29 cm.
650 #0 -
-- Ndriçimditë
650 #0 -
-- Dizajn arkitektonikë
942 ## - ADDED ENTRY ELEMENTS (KOHA)
Source of classification or shelving scheme
Item type Books
Holdings
Withdrawn status Lost status Source of classification or shelving scheme Damaged status Not for loan Collection code Permanent location Current location Shelving location Date acquired Total Checkouts Full call number Barcode Date last seen Price effective from Koha item type
          Koleksioni i përgjithshem UBT - Lipjan UBT - Lipjan Koleksioni i përgjithshem 05/20/2015   628.92 DAY 9780442019211 05/20/2015 05/20/2015 Books
UBT Library © 2015-2024. All rights reserved University Education for Business and Technology